[Event "NCL967 BCM-Invicta Kts"]
[Site "Rd12"]
[Date "1997.??.??"]
[Round "12.5"]
[White "Ivanov, Alexei"]
[Black "Friedgood, David"]
[Result "1-0"]
[WhiteElo "2430"]
[BlackElo "2270"]
[PlyCount "71"]
[EventDate "1997.04.27"]
[Source "J.Saunders"]
[SourceDate "1998.06.06"]

1. e4 c5 2. Nf3 Nc6 3. Bb5 g6 4. O-O Bg7 5. Bxc6 bxc6 6. c3 d5 7. e5 Bg4 8. Re1
Nh6 9. h3 Bxf3 10. Qxf3 O-O 11. d3 f6 12. exf6 exf6 13. Nd2 Nf7 14. Nb3 Ne5 15.
Qg3 Re8 16. Bf4 Nxd3 17. Qxd3 c4 18. Qd2 cxb3 19. Rxe8+ Qxe8 20. axb3 a5 21.
Bc7 Qd7 22. Rxa5 Rxa5 23. Bxa5 f5 24. Bb6 Qb7 25. Qe3 Kf7 26. Bc5 Bf8 27. Bxf8
Kxf8 28. b4 Qa6 29. Kh2 Kf7 30. h4 Qc4 31. Qd4 Qxd4 32. cxd4 f4 33. Kh3 h5 34.
g4 Ke6 35. gxh5 gxh5 36. Kg2 1-0

[Event "NCL967 BCM-Invicta Kts"]
[Site "Rd12"]
[Date "1997.??.??"]
[Round "12.6"]
[White "Cafferty, Bernard"]
[Black "Morris, Philip"]
[Result "0-1"]
[WhiteElo "2240"]
[BlackElo "2375"]
[PlyCount "126"]
[EventDate "1997.04.27"]
[Source "J.Saunders"]
[SourceDate "1998.06.06"]

1. c4 c5 2. Nf3 g6 3. e3 Bg7 4. d4 Nf6 5. Nc3 O-O 6. Be2 d5 7. O-O cxd4 8. exd4
Nc6 9. Be3 Bg4 10. Ne5 Bxe2 11. Qxe2 Rc8 12. Nxc6 Rxc6 13. c5 Re6 14. Rfd1 Ne4
15. Nxe4 Rxe4 16. f3 Re6 17. Qd2 Qd7 18. a4 a5 19. Bf2 Ra8 20. b3 h5 21. Re1
Rc6 22. Rac1 b6 23. Bh4 e6 24. Bg3 bxc5 25. dxc5 Qa7 26. Qf2 Bf8 27. Bd6 Bxd6
28. cxd6 Qxf2+ 29. Kxf2 Rxd6 30. f4 Rb6 31. Re3 Rb4 32. Rf3 Rab8 33. Rcc3 Kg7
34. Rc5 Rxb3 35. Rxb3 Rxb3 36. Rxa5 Ra3 37. Ra7 Kf6 38. a5 h4 39. a6 g5 40.
fxg5+ Kxg5 41. Rxf7 Rxa6 42. Rg7+ Kf5 43. Rh7 Ra2+ 44. Kf3 Ra3+ 45. Kf2 Kg5 46.
Rg7+ Kf4 47. g3+ hxg3+ 48. hxg3+ Ke4 49. Rg4+ Kf5 50. Rf4+ Ke5 51. Rf8 d4 52.
g4 Ke4 53. g5 Ra2+ 54. Kg3 e5 55. g6 Ra6 56. Rg8 d3 57. g7 Rg6+ 58. Kf2 Rg5 59.
Ra8 Rxg7 60. Ra4+ Kf5 61. Ke3 Rg3+ 62. Kd2 e4 63. Ra8 Rg2+ 0-1

[Event "NCL967 BCM-Invicta Kts"]
[Site "Rd12"]
[Date "1997.??.??"]
[Round "12.7"]
[White "Gormally, Danny"]
[Black "Bellin, Jana"]
[Result "1/2-1/2"]
[WhiteElo "2300"]
[BlackElo "2215"]
[PlyCount "108"]
[EventDate "1997.04.27"]
[Source "J.Saunders"]
[SourceDate "1998.06.06"]

1. d4 Nf6 2. c4 c5 3. d5 e5 4. Nc3 d6 5. e4 Be7 6. Bd3 O-O 7. Nf3 a6 8. a4 b6
9. h3 Nbd7 10. g4 Ne8 11. h4 Nc7 12. g5 Rb8 13. b3 b5 14. Rg1 bxc4 15. bxc4 a5
16. h5 Nb6 17. Nh4 Na6 18. Nf5 Nb4 19. Nb5 Bxf5 20. exf5 e4 21. Bxe4 Nxc4 22.
Kf1 Re8 23. f6 Bxf6 24. gxf6 Rxe4 25. Qf3 Qe8 26. Rxg7+ Kh8 27. Bh6 Qe5 28. Nc3
Rh4 29. Rg1 Qxh5 30. Qxh5 Rxh5 31. Bg7+ Kg8 32. Bh6+ Kh8 33. Bg7+ Kg8 34. Ne4
h6 35. Rc1 Rxd5 36. Bxh6+ Kh7 37. Bf4 Nd3 38. Rg7+ Kh8 39. Rxc4 Nxf4 40. Rc1
Rh5 41. Ng3 Rh6 42. Rxf7 Kg8 43. Rg7+ Kf8 44. Rg4 Rb4 45. Re1 d5 46. Rg5 Rxf6
47. Rge5 Rb8 48. Nh5 Nxh5 49. Rxh5 Rb2 50. Rxd5 Rfxf2+ 51. Kg1 Rg2+ 52. Kh1 c4
53. Rc5 Rh2+ 54. Kg1 Rhg2+ 1/2-1/2

[Event "NCL967 BCM-Invicta Kts"]
[Site "Rd12"]
[Date "1997.??.??"]
[Round "12.8"]
[White "Edwards, Ray"]
[Black "Richards, Heather"]
[Result "1-0"]
[WhiteElo "2079"]
[BlackElo "1744"]
[PlyCount "67"]
[EventDate "1997.04.27"]
[Source "J.Saunders"]
[SourceDate "1998.06.06"]

1. d4 e6 2. c4 Bb4+ 3. Nc3 b6 4. Bd2 Bb7 5. e3 f5 6. Nf3 Nf6 7. Bd3 O-O 8. O-O
Nc6 9. Qc2 Ne7 10. a3 Bxc3 11. Bxc3 Qe8 12. Nd2 Qg6 13. f3 Qg5 14. Rae1 h5 15.
e4 Ng6 16. e5 Nh7 17. Rf2 Nf4 18. Kh1 h4 19. Bf1 Qg6 20. Nb1 Ng5 21. Bd2 Nh5
22. Bxg5 Qxg5 23. Nc3 Kf7 24. Qd2 Qg6 25. d5 Ng3+ 26. Kg1 Nxf1 27. Kxf1 Rfd8
28. f4 a6 29. Re3 Qg4 30. Rd3 Re8 31. Qe3 g5 32. h3 Qh5 33. fxg5 Re7 34. Ne4
1-0

[Event "NCL967 NW Eagles-Wessex"]
[Site "Rd12"]
[Date "1997.??.??"]
[Round "12.1"]
[White "Rossiter, Philip"]
[Black "Littlewood, John"]
[Result "1-0"]
[WhiteElo "2370"]
[BlackElo "2275"]
[PlyCount "85"]
[EventDate "1997.04.27"]
[Source "J.Saunders"]
[SourceDate "1998.06.06"]

1. e4 e5 2. Nf3 d6 3. Bc4 Nc6 4. d3 Be7 5. Bb3 Nf6 6. c3 O-O 7. O-O Kh8 8. Nbd2
Ng8 9. d4 Bf6 10. dxe5 dxe5 11. Qe2 Nge7 12. Rd1 Ng6 13. Nf1 Qe8 14. Ng3 Nd8
15. Nf5 Ne6 16. g3 Nc5 17. Bc2 b6 18. Be3 Ba6 19. Qe1 Qc6 20. Rd5 Bc4 21. Bxc5
bxc5 22. Bb3 Bxb3 23. axb3 Qb6 24. Qd1 Rfb8 25. Nd2 a5 26. Ra4 Nf8 27. Nc4 Qxb3
28. Qxb3 Rxb3 29. Rxc5 g6 30. Nfe3 Ne6 31. Rcxa5 Rxa5 32. Rxa5 Bg5 33. Ng4 Bc1
34. Ra1 Bxb2 35. Rb1 Rxc3 36. Nxb2 Rb3 37. Nxe5 Nc5 38. Rc1 Nxe4 39. Nd1 f6 40.
Nc4 c5 41. Nde3 h5 42. Rd1 Kg7 43. Nd2 1-0

[Event "NCL967 NW Eagles-Wessex"]
[Site "Rd12"]
[Date "1997.??.??"]
[Round "12.2"]
[White "Tebb, David"]
[Black "Poulton, James"]
[Result "1/2-1/2"]
[WhiteElo "2320"]
[BlackElo "2360"]
[PlyCount "52"]
[EventDate "1997.04.27"]
[Source "J.Saunders"]
[SourceDate "1998.06.06"]

1. e4 e6 2. d4 d5 3. Nc3 Bb4 4. e5 Ne7 5. Bd2 c5 6. dxc5 O-O 7. Bd3 Nd7 8. Qh5
f5 9. exf6 Nxf6 10. Qh4 Bxc5 11. Nf3 Nc6 12. O-O-O Nb4 13. Be2 Bd7 14. a3 Nc6
15. Bd3 b5 16. Bg5 h6 17. g4 Be7 18. Rhg1 Nh7 19. Bxe7 Qxe7 20. Qxe7 Nxe7 21.
Ne5 Be8 22. Rgf1 a6 23. Ne2 Nc6 24. Nxc6 Bxc6 25. Nd4 Bd7 26. f4 Rf6 1/2-1/2

[Event "NCL967 NW Eagles-Wessex"]
[Site "Rd12"]
[Date "1997.??.??"]
[Round "12.3"]
[White "Corkett, Anthony"]
[Black "Quillan, Gary"]
[Result "1/2-1/2"]
[WhiteElo "2285"]
[BlackElo "2320"]
[PlyCount "58"]
[EventDate "1997.04.27"]
[Source "J.Saunders"]
[SourceDate "1998.06.06"]

1. d4 e6 2. Nf3 Nf6 3. g3 c5 4. Bg2 Nc6 5. O-O cxd4 6. Nxd4 Be7 7. c4 O-O 8.
Nc3 a6 9. b3 Qb6 10. Nxc6 bxc6 11. e4 e5 12. Be3 Qc7 13. Rc1 d6 14. c5 dxc5 15.
Na4 a5 16. Bxc5 Ba6 17. Bxe7 Qxe7 18. Re1 Qa3 19. Rxc6 Bb5 20. Rb6 Bxa4 21.
bxa4 Qxa2 22. Qa1 Qd2 23. Rb2 Qd3 24. Rb5 Rac8 25. Rxe5 Rc2 26. Qd1 Qc3 27. Rf5
Rc8 28. Rf3 Qb2 29. Qa1 Qxa1 1/2-1/2

[Event "NCL967 NW Eagles-Wessex"]
[Site "Rd12"]
[Date "1997.??.??"]
[Round "12.4"]
[White "Lund, Brett"]
[Black "Neil, David"]
[Result "1-0"]
[WhiteElo "2260"]
[BlackElo "2295"]
[PlyCount "65"]
[EventDate "1997.04.27"]
[Source "J.Saunders"]
[SourceDate "1998.06.06"]

1. c4 g6 2. g3 Bg7 3. Bg2 d6 4. Nc3 c6 5. e4 e5 6. Nge2 Ne7 7. O-O O-O 8. d4
Qc7 9. Be3 Na6 10. f4 exd4 11. Bxd4 Be6 12. b3 Rad8 13. f5 gxf5 14. Bxg7 Kxg7
15. Nd4 fxe4 16. Qh5 Ng6 17. Nxe4 Qb6 18. Rad1 Nc7 19. Kh1 h6 20. g4 d5 21. Ng3
Rh8 22. Ngf5+ Kf8 23. Nh4 Ke7 24. Nxg6+ fxg6 25. Qxg6 Rdg8 26. Qf6+ Kd7 27.
Nxe6 Nxe6 28. Qf7+ Kc8 29. Qxe6+ Kb8 30. cxd5 cxd5 31. Qxb6 axb6 32. Rxd5 Rxg4
33. Rd7 1-0

[Event "NCL967 NW Eagles-Wessex"]
[Site "Rd12"]
[Date "1997.??.??"]
[Round "12.5"]
[White "Yeo, Michael"]
[Black "James, Dale"]
[Result "1-0"]
[WhiteElo "2205"]
[BlackElo "2250"]
[PlyCount "80"]
[EventDate "1997.04.27"]
[Source "J.Saunders"]
[SourceDate "1998.06.06"]

1. e4 e5 2. Nf3 d6 3. d4 Nd7 4. Bc4 c6 5. dxe5 dxe5 6. Ng5 Nh6 7. O-O Be7 8.
Ne6 fxe6 9. Bxh6 Bf6 10. Qh5+ Ke7 11. Be3 Qe8 12. Qh3 Nb6 13. Bc5+ Kf7 14. Bb3
g5 15. Nd2 Kg7 16. Rad1 Nd7 17. Ba3 Nf8 18. Nc4 Ng6 19. Nd6 Qg8 20. Nf5+ exf5
21. Bxg8 Rxg8 22. Qb3 fxe4 23. Rfe1 b6 24. Rd6 Bf5 25. Rxc6 Rac8 26. Rxc8 Rxc8
27. g3 h5 28. c3 h4 29. Qd5 Rd8 30. Qb7+ Rd7 31. Qa8 h3 32. c4 e3 33. Qf3 exf2+
34. Kxf2 Be6 35. Rd1 Rf7 36. Qc6 Bg4 37. Rf1 e4 38. Ke3 Bd4+ 39. Kxd4 Rxf1 40.
Qxe4 Rd1+ {time} 1-0

[Event "NCL967 NW Eagles-Wessex"]
[Site "Rd12"]
[Date "1997.??.??"]
[Round "12.6"]
[White "Sheldon, Ruth"]
[Black "Noyce, Robert"]
[Result "1-0"]
[WhiteElo "2230"]
[BlackElo "2205"]
[PlyCount "81"]
[EventDate "1997.04.27"]
[Source "J.Saunders"]
[SourceDate "1998.06.06"]

1. d4 g6 2. c4 Nf6 3. Nc3 Bg7 4. e4 d6 5. Be2 O-O 6. Nf3 e5 7. d5 a5 8. Bg5
Nbd7 9. Nd2 Nc5 10. O-O h6 11. Be3 Ne8 12. a3 f5 13. f3 f4 14. Bf2 h5 15. b4
Nd7 16. c5 Rf7 17. Nc4 b6 18. cxb6 cxb6 19. Nb5 Bf8 20. bxa5 bxa5 21. Na7 Ba6
22. Nc6 Qf6 23. Rb1 g5 24. N4xa5 Bxe2 25. Qxe2 Qg6 26. Rb7 Nef6 27. Kh1 Rg7 28.
Nc4 h4 29. Be1 Nh5 30. Rxd7 Rxd7 31. Nb6 Raa7 32. Nxd7 Rxd7 33. a4 g4 34. Bxh4
gxf3 35. gxf3 Rg7 36. a5 Ng3+ 37. hxg3 fxg3 38. Kg2 Qh5 39. Rh1 Rh7 40. a6 Bg7
41. a7 1-0

[Event "NCL967 NW Eagles-Wessex"]
[Site "Rd12"]
[Date "1997.??.??"]
[Round "12.7"]
[White "Brameld, Arthur"]
[Black "Giblin, William"]
[Result "1/2-1/2"]
[WhiteElo "2199"]
[BlackElo "2130"]
[PlyCount "64"]
[EventDate "1997.04.27"]
[Source "J.Saunders"]
[SourceDate "1998.06.06"]

1. e4 c5 2. Nf3 e6 3. d4 cxd4 4. Nxd4 Nf6 5. Bd3 d6 6. O-O Nbd7 7. Be3 a6 8. f4
Qc7 9. a4 b6 10. Nd2 Bb7 11. N4b3 Be7 12. Qe2 O-O 13. h3 Nc5 14. Nxc5 bxc5 15.
c3 Rfe8 16. Kh2 a5 17. Bg1 Bc6 18. g4 Rab8 19. Bb5 Qb7 20. g5 Nd7 21. c4 d5 22.
Rfe1 Qc7 23. e5 Nb6 24. Rec1 Red8 25. Kg3 Ba8 26. cxd5 Rxd5 27. Ne4 Rbd8 28.
Be3 c4 29. Bxc4 Nxc4 30. Rxc4 Qb7 31. Rac1 R5d7 32. Kh4 Bb4 1/2-1/2

[Event "NCL967 NW Eagles-Wessex"]
[Site "Rd12"]
[Date "1997.??.??"]
[Round "12.8"]
[White "Taylor, Robert"]
[Black "Howard, Emily"]
[Result "1-0"]
[WhiteElo "1896"]
[BlackElo "1904"]
[PlyCount "37"]
[EventDate "1997.04.27"]
[Source "J.Saunders"]
[SourceDate "1998.06.06"]

1. e4 c6 2. Nc3 d5 3. Qf3 d4 4. Bc4 Nf6 5. e5 dxc3 6. exf6 cxd2+ 7. Bxd2 exf6
8. O-O-O Be7 9. Qg3 Rg8 10. Qb3 Rf8 11. Qg3 Qd4 12. Bb4 Qxc4 13. Bxe7 Bd7 14.
Qc7 Kxe7 15. Re1+ Qe6 16. Rxe6+ Kxe6 17. Nf3 Bc8 18. Re1+ Kf5 19. Qe7 1-0

[Event "NCL967 Witney-Wood Green"]
[Site "Rd12"]
[Date "1997.??.??"]
[Round "12.2"]
[White "Littlewood, Paul"]
[Black "Cobb, Charles"]
[Result "1/2-1/2"]
[WhiteElo "2440"]
[BlackElo "2260"]
[PlyCount "75"]
[EventDate "1997.04.27"]
[Source "J.Saunders"]
[SourceDate "1998.06.06"]

1. d4 e6 2. Nf3 Nf6 3. c4 b6 4. e3 Bb7 5. Bd3 Bb4+ 6. Nbd2 O-O 7. O-O d5 8. a3
Bd6 9. b4 c5 10. bxc5 bxc5 11. Rb1 Qe7 12. cxd5 cxd4 13. e4 e5 14. Qa4 a5 15.
Nh4 Bc8 16. Nc4 Bd7 17. Qd1 Bc7 18. Rb7 Ne8 19. Nf3 Bc8 20. Rb1 Ba6 21. a4 Bxc4
22. Bxc4 Na6 23. Bg5 Qc5 24. Bxa6 Rxa6 25. Qd3 Rb6 26. Rfc1 Rxb1 27. Rxb1 h6
28. Bc1 Qe7 29. Ba3 Bd6 30. Bxd6 Qxd6 31. Nd2 f5 32. Nc4 fxe4 33. Qxe4 Qf6 34.
f3 Nd6 35. Nxd6 Qxd6 36. Re1 Rd8 37. Qxe5 Qxd5 38. Qxd5+ 1/2-1/2

[Event "NCL967 Witney-Wood Green"]
[Site "Rd12"]
[Date "1997.??.??"]
[Round "12.3"]
[White "Headlong, Tim"]
[Black "Law, Andrew"]
[Result "1/2-1/2"]
[WhiteElo "2250"]
[BlackElo "2370"]
[PlyCount "40"]
[EventDate "1997.04.27"]
[Source "J.Saunders"]
[SourceDate "1998.06.06"]

1. Nf3 d5 2. c4 d4 3. g3 c5 4. d3 Nc6 5. Bg2 e5 6. O-O Bd6 7. e3 Nge7 8. exd4
cxd4 9. Na3 O-O 10. Nc2 a5 11. b3 h6 12. a3 Rb8 13. b4 axb4 14. Nxb4 Bg4 15.
Rb1 Qd7 16. Qc2 Bh3 17. Re1 Bxg2 18. Kxg2 Rfc8 19. Qe2 Re8 20. Qc2 Rec8 1/2-1/2

[Event "NCL967 Witney-Wood Green"]
[Site "Rd12"]
[Date "1997.??.??"]
[Round "12.4"]
[White "Levitt, Jon"]
[Black "Truran, Michael"]
[Result "1-0"]
[WhiteElo "2435"]
[BlackElo "2255"]
[PlyCount "59"]
[EventDate "1997.04.27"]
[Source "J.Saunders"]
[SourceDate "1998.06.06"]

1. d4 d5 2. c4 e6 3. Nc3 Nf6 4. Bg5 Nbd7 5. e3 c6 6. a3 Be7 7. Nf3 O-O 8. Qc2
Re8 9. Rd1 a6 10. Bd3 dxc4 11. Bxc4 Nd5 12. Bf4 Nxf4 13. exf4 c5 14. dxc5 Bxc5
15. Bd3 h6 16. O-O Qe7 17. Rfe1 Nf6 18. Ne5 Bd4 19. Bh7+ Nxh7 20. Rxd4 Nf6 21.
Red1 b5 22. h3 Qc5 23. Qe2 Bb7 24. g4 Nd5 25. Nxd5 Bxd5 26. g5 hxg5 27. fxg5
Qe7 28. Qh5 g6 29. Qh6 Red8 30. Ng4 1-0

[Event "NCL967 Witney-Wood Green"]
[Site "Rd12"]
[Date "1997.??.??"]
[Round "12.5"]
[White "Cooksey, Paul"]
[Black "Sowray, Peter"]
[Result "0-1"]
[WhiteElo "2150"]
[BlackElo "2350"]
[PlyCount "104"]
[EventDate "1997.04.27"]
[Source "J.Saunders"]
[SourceDate "1998.06.06"]

1. e4 e5 2. Nf3 Nc6 3. Nc3 Nf6 4. Bb5 Bb4 5. O-O O-O 6. d3 d6 7. Bg5 Bxc3 8.
bxc3 Qe7 9. Re1 Nd8 10. d4 Ne6 11. Bc1 c5 12. Bf1 Qc7 13. d5 Nd8 14. Nh4 Kh8
15. c4 Ng8 16. f4 Qe7 17. Nf3 exf4 18. e5 Bg4 19. Bxf4 dxe5 20. Bxe5 Qd7 21.
Bd3 f5 22. h3 Bh5 23. Qe2 Nf7 24. Bc3 Rae8 25. Qf2 Bxf3 26. Qxf3 Nd6 27. Rxe8
Rxe8 28. Rf1 Nh6 29. Qh5 Kg8 30. Bd2 Qf7 31. Qxf7+ Nhxf7 32. a4 g6 33. Rb1 Re7
34. a5 Ne5 35. Bg5 Rd7 36. Be3 Ndxc4 37. Bxc4 Nxc4 38. Bxc5 Rxd5 39. Bxa7 Nxa5
40. c4 Rd7 41. c5 Nc6 42. Bb6 Kf7 43. Kf2 Ke6 44. Re1+ Ne5 45. Ra1 f4 46. Ra8
Kf5 47. Ba7 Nc6 48. Bb6 Ke4 49. Re8+ Re7 50. Rf8 Ne5 51. Bd8 Rf7 52. Re8 Kd5
0-1

[Event "NCL967 Witney-Wood Green"]
[Site "Rd12"]
[Date "1997.??.??"]
[Round "12.6"]
[White "Pert, Richard"]
[Black "Rose, Matthew"]
[Result "1-0"]
[WhiteElo "2165"]
[BlackElo "2152"]
[PlyCount "89"]
[EventDate "1997.04.27"]
[Source "J.Saunders"]
[SourceDate "1998.06.06"]

1. e4 c5 2. Nf3 d6 3. d4 cxd4 4. Nxd4 Nf6 5. Nc3 a6 6. Bc4 e6 7. Bb3 b5 8. O-O
Be7 9. Qf3 Qc7 10. Qg3 Nc6 11. Nxc6 Qxc6 12. Re1 Bb7 13. a3 O-O 14. Bh6 Ne8 15.
Rad1 Kh8 16. Bf4 Rd8 17. Qe3 Rd7 18. Kh1 Nf6 19. f3 Rc8 20. Rd3 Ne8 21. Red1 a5
22. Qf2 Ba6 23. R3d2 Rb7 24. Re1 a4 25. Ba2 b4 26. axb4 Rxb4 27. Nd1 Bc4 28. c3
Rb7 29. Bxc4 Qxc4 30. Be3 Bf6 31. Bd4 Bxd4 32. Qxd4 Kg8 33. Qxc4 Rxc4 34. Ne3
Rc6 35. Ra1 Ra6 36. Kg1 Kf8 37. Nc4 Rb5 38. Kf2 Rc5 39. Na3 Nc7 40. Rd4 Nb5 41.
Rb4 Nc7 42. Nc4 d5 43. exd5 exd5 44. Nb6 Rc6 45. Nd7+ 1-0

[Event "NCL967 Witney-Wood Green"]
[Site "Rd12"]
[Date "1997.??.??"]
[Round "12.7"]
[White "Dickinson, Tim"]
[Black "Pert, Nicholas"]
[Result "1/2-1/2"]
[WhiteElo "2165"]
[BlackElo "2195"]
[PlyCount "53"]
[EventDate "1997.04.27"]
[Source "J.Saunders"]
[SourceDate "1998.06.06"]

1. e4 e6 2. d4 d5 3. Nd2 Nf6 4. Bd3 c5 5. c3 cxd4 6. cxd4 Nc6 7. Ngf3 Nb4 8.
Bb1 dxe4 9. Nxe4 Be7 10. Qa4+ Bd7 11. Nxf6+ gxf6 12. Qb3 Bb5 13. a3 Qd5 14. Qe3
Nc6 15. Bd2 Bc4 16. Bc3 Rd8 17. Nd2 Nxd4 18. Nxc4 Qxc4 19. Bd3 Nf3+ 20. Ke2
Nd4+ 21. Kf1 Qd5 22. Rd1 Bc5 23. Be4 Qc4+ 24. Qd3 Qxd3+ 25. Rxd3 Rd7 26. b4 Bb6
27. Bxd4 1/2-1/2

[Event "NCL967 Witney-Wood Green"]
[Site "Rd12"]
[Date "1997.??.??"]
[Round "12.8"]
[White "Jackson, Sheila"]
[Black "Houska, Jovanka"]
[Result "1/2-1/2"]
[WhiteElo "2150"]
[BlackElo "2115"]
[PlyCount "153"]
[EventDate "1997.04.27"]
[Source "J.Saunders"]
[SourceDate "1998.06.06"]

1. e4 d5 2. exd5 Nf6 3. d4 Nxd5 4. Nf3 Bg4 5. Be2 e6 6. O-O Be7 7. c3 O-O 8.
Qb3 Qc8 9. c4 Nb6 10. Nc3 Nc6 11. Be3 Qd7 12. c5 Nd5 13. Nxd5 Qxd5 14. Qxd5
exd5 15. h3 Bh5 16. a3 f5 17. b4 f4 18. Bd2 Rad8 19. Bc3 Bf6 20. Rad1 Rfe8 21.
Rfe1 a6 22. Kf1 h6 23. a4 Ne7 24. Ne5 Bxe2+ 25. Rxe2 Bxe5 26. Rxe5 Ng6 27.
Rxe8+ Rxe8 28. Re1 Rxe1+ 29. Bxe1 Nh4 30. f3 Nf5 31. Bf2 Kf7 32. Ke2 Kf6 33.
Kd3 g5 34. Ke2 Ne7 35. Be1 Kf5 36. Kd3 h5 37. g4+ fxg3 38. Bxg3 c6 39. Ke3 Ng8
40. Be5 Nh6 41. Kf2 Nf7 42. Bc7 g4 43. hxg4+ hxg4 44. Ke3 gxf3 45. Kxf3 Ng5+
46. Ke3 Ne4 47. Kd3 Kg4 48. b5 axb5 49. axb5 cxb5 50. Kc2 Kf5 51. Kb3 Ke6 52.
Kb4 Kd7 53. Bf4 Kc6 54. Be5 Nf2 55. Bg3 Ng4 56. Bf4 Nf6 57. Be5 Nd7 58. Bf4 b6
59. cxb6 Kxb6 60. Bd6 Kc6 61. Bf4 Nf8 62. Ka5 Ne6 63. Be5 Nd8 64. Bf6 Nb7+ 65.
Kb4 Kb6 66. Be7 Kc6 67. Bf6 Nd6 68. Be5 Nc4 69. Bf6 Nb2 70. Kb3 Nd3 71. Kc3 Ne1
72. Kb4 Nf3 73. Bg7 Ng5 74. Ka5 Nf7 75. Bf6 Nd6 76. Be7 Nb7+ 77. Ka6 1/2-1/2

[Event "NCL978 Northumbria-Guildford"]
[Site "Rd1"]
[Date "1997.10.25"]
[Round "1.1"]
[White "Berry, Jonathan"]
[Black "Povah, Nigel"]
[Result "0-1"]
[WhiteElo "2310"]
[BlackElo "2325"]
[PlyCount "84"]
[EventDate "1997.10.25"]
[Source "4NCL"]
[SourceDate "1998.01.01"]

1. c4 e5 2. g3 Nf6 3. Bg2 c6 4. d4 e4 5. Nc3 d5 6. Bg5 Bb4 7. Qb3 Bxc3+ 8. bxc3
Nbd7 9. cxd5 cxd5 10. Nh3 O-O 11. O-O b6 12. f3 h6 13. fxe4 hxg5 14. e5 Nxe5
15. dxe5 Ne4 16. Rad1 Qe7 17. Rxd5 Nc5 18. Qc2 Bb7 19. Qf5 Bxd5 20. Bxd5 Ne6
21. Bxa8 Rxa8 22. Nf2 Qc5 23. Kg2 Rf8 24. Ne4 Qd5 25. Kh3 Qxa2 26. Rf2 a5 27.
Nd6 Nc5 28. Qxg5 Qe6+ 29. Kg2 Qd5+ 30. Kh3 Ne6 31. Qf5 Nc5 32. g4 a4 33. e4 Qb3
34. Kh4 Qxc3 35. Nxf7 Nd7 36. Nh6+ Kh8 37. Nf7+ Kg8 38. Qxd7 Qe3 39. Qe6 Qxf2+
40. Kg5 Rxf7 41. Qe8+ Rf8 42. Qe6+ Qf7 0-1

[Event "NCL978 Northumbria-Guildford"]
[Site "Rd1"]
[Date "1997.10.25"]
[Round "1.2"]
[White "Webb, Richard"]
[Black "Richardson, John"]
[Result "1/2-1/2"]
[WhiteElo "2290"]
[BlackElo "2260"]
[PlyCount "26"]
[EventDate "1997.10.25"]
[Source "4NCL"]
[SourceDate "1998.01.01"]

1. e4 c6 2. d4 d5 3. Nc3 dxe4 4. Nxe4 Nd7 5. Nf3 Ndf6 6. Nxf6+ Nxf6 7. Ne5 Be6
8. Be2 g6 9. O-O Bg7 10. c4 Nd7 11. Nf3 Nf6 12. Ne5 Nd7 13. Nf3 Nf6 1/2-1/2

[Event "NCL978 Northumbria-Guildford"]
[Site "Rd1"]
[Date "1997.10.25"]
[Round "1.4"]
[White "Anderton, Matthew"]
[Black "Ledger, Stephen"]
[Result "1-0"]
[WhiteElo "2240"]
[BlackElo "2230"]
[PlyCount "81"]
[EventDate "1997.10.25"]
[Source "4NCL"]
[SourceDate "1998.01.01"]

1. e4 c5 2. c3 d5 3. exd5 Qxd5 4. d4 e5 5. Nf3 cxd4 6. cxd4 Nc6 7. Nc3 Bb4 8.
Bd2 Bxc3 9. Bxc3 e4 10. Ne5 Nxe5 11. dxe5 Ne7 12. Be2 O-O 13. O-O Be6 14. Qc1
Rfd8 15. Rd1 Qc5 16. Qf4 Nd5 17. Qxe4 Nxc3 18. bxc3 Qxc3 19. Qxb7 Qxe5 20. Bf3
Rxd1+ 21. Rxd1 Re8 22. Qxa7 {(Draw offer)} Bb3 23. Rf1 Bc4 24. g3 Bxf1 25. Kxf1
g5 26. a4 Qf5 27. Qb7 g4 28. Bd5 Rd8 29. Be4 Qe5 30. Kg2 Qh5 31. Qb3 Qe5 32.
Qb7 Re8 33. Bd5 Qe7 34. Qb5 h5 35. a5 h4 36. gxh4 Rd8 37. a6 Rd6 38. Qb7 Rd7
39. a7 Rxb7 40. a8=Q+ Kg7 41. Qxb7 1-0

[Event "NCL978 Northumbria-Guildford"]
[Site "Rd1"]
[Date "1997.10.25"]
[Round "1.5"]
[White "Waters, Clive"]
[Black "Thompson, Ian"]
[Result "1/2-1/2"]
[WhiteElo "2180"]
[BlackElo "2260"]
[PlyCount "98"]
[EventDate "1997.10.25"]
[Source "4NCL"]
[SourceDate "1998.01.01"]

1. e4 e6 2. d3 d5 3. Nd2 Nf6 4. Ngf3 b6 5. c3 c5 6. exd5 exd5 7. d4 Be7 8. Bd3
O-O 9. O-O Nc6 10. Ne5 Bb7 11. Ndf3 Nxe5 12. Nxe5 Ne4 13. Qh5 f6 14. Ng4 Qe8
15. Qh3 Bc8 16. f3 f5 17. fxe4 fxg4 18. Rxf8+ Bxf8 19. Qe3 cxd4 20. cxd4 Be6
21. e5 Bb4 22. Qg5 Be7 23. Qf4 Qh5 24. Bd2 Rf8 25. Qe3 Bf5 26. Rf1 Bxd3 27.
Rxf8+ Kxf8 28. Qxd3 g6 29. a3 a5 30. g3 Qf5 31. Qxf5+ gxf5 32. Kf2 Kf7 33. Ke2
h5 34. Bf4 Ke6 35. Ke3 h4 36. Bh6 h3 37. Kd3 b5 38. Bd2 Bd8 39. Ke2 Bb6 40. Kd3
Kd7 41. Bg5 Ke6 42. b3 a4 43. b4 Bc7 44. Ke3 Kf7 45. Bh4 Bb6 46. Bg5 Bc7 47.
Bh4 Ke6 48. Bg5 Bb6 49. Bh4 Bc7 1/2-1/2

[Event "NCL978 Northumbria-Guildford"]
[Site "Rd1"]
[Date "1997.10.25"]
[Round "1.6"]
[White "Abayasekera, Roger"]
[Black "Dighton, Simon"]
[Result "1/2-1/2"]
[WhiteElo "2230"]
[BlackElo "2128"]
[PlyCount "46"]
[EventDate "1997.10.25"]
[Source "4NCL"]
[SourceDate "1998.01.01"]

1. e4 e6 2. Nf3 d5 3. Nc3 Nf6 4. e5 Nfd7 5. d4 c5 6. dxc5 Nc6 7. Bb5 Bxc5 8.
O-O O-O 9. Na4 Be7 10. Re1 f6 11. exf6 Nxf6 12. c4 Ne4 13. Be3 Bf6 14. Rc1 Ne5
15. Nxe5 Bxe5 16. cxd5 Bxh2+ 17. Kxh2 Qh4+ 18. Kg1 Nxf2 19. Bxf2 Qxf2+ 20. Kh1
Qh4+ 21. Kg1 Qf2+ 22. Kh1 Qh4+ 23. Kg1 Qf2+ 1/2-1/2

[Event "NCL978 Northumbria-Guildford"]
[Site "Rd1"]
[Date "1997.10.25"]
[Round "1.7"]
[White "Pattinson, T."]
[Black "Singleton, Michael"]
[Result "0-1"]
[WhiteElo "1359"]
[BlackElo "2079"]
[PlyCount "86"]
[EventDate "1997.10.25"]
[Source "4NCL"]
[SourceDate "1998.01.01"]

1. d4 Nf6 2. Nf3 g6 3. Bg5 Ne4 4. Bh4 Bg7 5. e3 c5 6. Bd3 d5 7. c3 Nc6 8. Nbd2
f5 9. Bc2 cxd4 10. exd4 O-O 11. O-O h6 12. Bg3 f4 13. Bh4 Bf5 14. Ne5 Nxe5 15.
dxe5 Nxd2 16. Qxd2 Bxc2 17. Qxc2 g5 18. Bxg5 hxg5 19. Qg6 Qe8 20. Qxg5 e6 21.
Rfe1 Rf5 22. Qg4 Qh5 23. Qxh5 Rxh5 24. f3 Kf7 25. g4 fxg3 26. hxg3 Rah8 27. f4
Rh1+ 28. Kf2 R1h2+ 29. Kf3 Rxb2 30. Reb1 Rhh2 31. a4 Bf8 32. Rc1 Bc5 33. Kg4
Rbg2 34. Rh1 a5 35. Raf1 Kg6 36. Rxh2 Rxh2 37. f5+ exf5+ 38. Rxf5 Rf2 39. Rg5+
Kf7 40. Kh5 Be3 41. Rg4 Rh2+ 42. Rh4 Rxh4+ 43. Kxh4 Bd2 0-1

[Event "NCL978 Northumbria-Guildford"]
[Site "Rd1"]
[Date "1997.10.25"]
[Round "1.8"]
[White "Ashby, Ann-Marie"]
[Black "Barnes, Lara"]
[Result "1-0"]
[WhiteElo "2115"]
[BlackElo "1288"]
[PlyCount "91"]
[EventDate "1997.10.25"]
[Source "4NCL"]
[SourceDate "1998.01.01"]

1. e4 e6 2. d4 d5 3. Nc3 Nf6 4. Bg5 dxe4 5. Nxe4 Be7 6. Nxf6+ Bxf6 7. Bxf6 Qxf6
8. Nf3 O-O 9. Bd3 Nc6 10. O-O e5 11. dxe5 Nxe5 12. Nxe5 Qxe5 13. Re1 Qg5 14.
Re3 Be6 15. Qd2 Rad8 16. Qc3 Qe7 17. Rae1 Qd6 18. Rg3 g6 19. h3 c5 20. Re5 c4
21. Be4 b6 22. Kh2 Qd2 23. Qxd2 Rxd2 24. f4 Rfd8 25. f5 Bd5 26. fxg6 hxg6 27.
Bxd5 R8xd5 {(Draw offer)} 28. Rxd5 Rxd5 29. a4 a6 30. Rc3 b5 31. Kg3 Kf8 32.
Kf4 Ke7 33. g4 Kd6 34. h4 f6 35. axb5 axb5 36. Ke4 Kc5 37. Rh3 Rd4+ 38. Kf3 Rd2
39. h5 Rxc2 40. hxg6 Rxb2 41. g7 c3 42. g8=Q c2 43. Qc8+ Kb4 44. Ke4 Rb3 45.
Rxb3+ Kxb3 46. Kd3 1-0